01215 2200361 4500001002100000005001500021035002000036007000300056040001200059245017800071250001200249300003500261020001800296041000800314082001000322084001600332090002000348264004300368336002100411337003000432338002300462500002300485650004300508700004800551700004300599700003100642700002800673700003500701700004400736850001000780008004100790990002200831INLIS00000000000681320260410091230 a0010-0622000148ta aSBPUPAD aTangkas Pengetahuan Sosial :bUntuk Siswa Sekolah Dasar Kelas 3 /cSaleh H. Emha, Reny Yuliati, Januar Budhi MP, R,J Soenarjo;editor, Toni Kurnia;ilustrator, Rochman Suryana a.-cet.2 aiii,134 hlm :billus. ;c25 cm a979-692-310-607aind a372.2 a372.2 TAN t a372.2 TAN t 9-9 a.--Bandung :bRemaja Rosdakarya,c2004 2rdacontentaTeks 2rdamediaaTanpa Perantara 2rdacarrieravolume aglosarium, hlm 134 4aBuku Pelajaran-Ilmu Pengetahuan Sosial0 aPengarang pertama, Saleh H. EmhaePengarang0 aPengarang ke2, Reny YuliatiePengarang0 aJanuar Budhi MPePengarang0 aR.J SoenaryoePengarang0 aeditor, Toni KurniaePengarang0 ailustrator, Rachman SuryanaePengarang aPUPAD260410 0  a1775/H/ARPUS/2007